[Event "Titled Tuesday intern op 26th Mar Early"]
[Site "Chess.com INT"]
[Date "2024.03.26"]
[Round "7"]
[White "Donatti, Alvaro"]
[Black "Baraeva, Irina"]
[Result "0-1"]
[WhiteElo "2193"]
[BlackElo "2223"]
[PlyCount "56"]
[EventDate "2024.03.26"]
[EventType "swiss (blitz)"]
[EventRounds "11"]
[EventCountry "USA"]
[SourceTitle "EXT 2025"]
[Source "ChessBase"]
[SourceDate "2024.10.14"]
[SourceVersion "1"]
[SourceVersionDate "2024.10.14"]
[SourceQuality "1"]

1. e4 e6 2. d4 d5 3. e5 c5 4. c3 Qb6 5. Nf3 Nc6 6. a3 c4 7. Be2 Bd7 8. 0-0 Nge7 9. Nbd2 Na5 10. Rb1 Qc7 11. b4 cxb3 12. Nxb3 Ba4 13. Qc2 Nxb3 14. Rxb3 Bxb3 15. Qxb3 Nc6 16. c4 dxc4 17. Bxc4 Be7 18. d5 exd5 19. Bxd5 0-0 20. Bf4 Rad8 21. Be4 Nd4 22. Nxd4 Rxd4 23. Qf3 Qc4 24. Re1 Bxa3 25. e6 Bb4 26. exf7+ Qxf7 27. Qh3 h6 28. Bxh6 Qxf2+ 0-1

[Event "Titled Tuesday intern op 06th Jun Early"]
[Site "Chess.com INT"]
[Date "2023.06.06"]
[Round "10"]
[White "Baraeva, Irina"]
[Black "Turzo, Attila"]
[Result "0-1"]
[WhiteElo "2223"]
[BlackElo "2279"]
[PlyCount "62"]
[EventDate "2023.06.06"]
[EventType "swiss (blitz)"]
[EventRounds "11"]
[EventCountry "USA"]
[SourceTitle "EXT 2024"]
[Source "ChessBase"]
[SourceDate "2023.10.10"]
[SourceVersion "1"]
[SourceVersionDate "2023.10.10"]
[SourceQuality "1"]

1. d4 Nf6 2. c4 g6 3. Nc3 Bg7 4. e4 d6 5. Be2 0-0 6. Nf3 e5 7. 0-0 Nc6 8. d5 Ne7 9. Ne1 Ne8 10. Be3 f5 11. f3 f4 12. Bf2 g5 13. Nd3 h5 14. c5 Rf6 15. cxd6 cxd6 16. Rc1 Rg6 17. h3 g4 18. fxg4 hxg4 19. hxg4 Nf6 20. Bh4 Nxg4 21. Bxg4 Bxg4 22. Qd2 Bh3 23. Rf2 Qd7 24. Bxe7 Qxe7 25. Ne1 Bf6 26. Kf1 Bd7 27. Nf3 Bh4 28. Nxh4 Qxh4 29. Qd3 Qh1+ 30. Ke2 Qxc1 31. Qf3 Bg4 0-1

[Event "Rostov on Don rapid GP Stage 28th"]
[Site "Rostov on Don"]
[Date "2021.10.29"]
[Round "4"]
[White "Nazaretyan, Tigran"]
[Black "Baraeva, Irina"]
[Result "1-0"]
[WhiteElo "2316"]
[BlackElo "2223"]
[PlyCount "52"]
[EventDate "2021.10.29"]
[EventType "swiss"]
[EventRounds "11"]
[EventCountry "RUS"]
[SourceTitle "CBM 204 Extra"]
[Source "ChessBase"]
[SourceDate "2021.11.30"]
[SourceVersion "1"]
[SourceVersionDate "2021.11.30"]
[SourceQuality "1"]

1. d4 d5 2. c4 c6 3. Nf3 Nf6 4. Nc3 dxc4 5. a4 Bf5 6. Ne5 Nbd7 7. Nxc4 Qc7 8. Qd2 0-0-0 9. f3 e5 10. dxe5 Nxe5 11. Qf4 Nxc4 12. Qxf5+ Kb8 13. e4 Ne5 14. Be2 Bc5 15. g3 Rhe8 16. Bf4 Nfd7 17. 0-0-0 g6 18. Qh3 h5 19. Rd2 f6 20. Rhd1 Ka8 21. Kc2 a6 22. Rxd7 Rxd7 23. Bxe5 Qxe5 24. Qxd7 Bb4 25. f4 Qb8 26. Qh3 Qc7 1-0

[Event "Amazons Pride Blitz"]
[Site "Chess.com INT"]
[Date "2021.10.23"]
[Round "3"]
[White "Baraeva, Irina"]
[Black "Khokhlova, Daria"]
[Result "1-0"]
[WhiteElo "2223"]
[BlackElo "2134"]
[PlyCount "121"]
[EventDate "2021.10.23"]
[EventType "swiss (blitz)"]
[EventRounds "9"]
[EventCountry "USA"]
[SourceTitle "CBM 204 Extra"]
[Source "ChessBase"]
[SourceDate "2021.11.30"]
[SourceVersion "1"]
[SourceVersionDate "2021.11.30"]
[SourceQuality "1"]

1. d4 Nf6 2. c4 e6 3. Nf3 c5 4. d5 exd5 5. cxd5 d6 6. Nc3 g6 7. Bf4 Bg7 8. Qa4+ Bd7 9. Qb3 Qc7 10. e4 0-0 11. Nd2 Nh5 12. Be3 f5 13. exf5 Bxf5 14. Be2 Nf6 15. 0-0 a6 16. a4 Nbd7 17. Bf4 Ne8 18. Nc4 Bc2 19. Qxc2 Rxf4 20. g3 Rf8 21. Bg4 Ne5 22. Be6+ Kh8 23. Ne3 Nf6 24. Kg2 Rab8 25. f4 Nf7 26. Qe2 Nd8 27. Bh3 Nf7 28. Rae1 Rfe8 29. Qc2 b5 30. axb5 axb5 31. f5 b4 32. Ncd1 Ne5 33. fxg6 hxg6 34. Nf2 c4 35. b3 c3 36. Nd3 Nxd3 37. Qxd3 Re4 38. Rxf6 Rxe3 39. Rxe3 Bxf6 40. Qxg6 Qg7 41. Qh5+ Qh7 42. Re8+ Rxe8 43. Qxe8+ Qg8 44. Qh5+ Qh7 45. Qxh7+ Kxh7 46. Bf5+ Kh6 47. h4 Bd4 48. Kf3 Kg7 49. Ke4 Bf2 50. Kf3 Be1 51. Kg4 Kf6 52. Bc2 Ke5 53. h5 Bd2 54. Kh4 Kxd5 55. g4 Ke5 56. g5 Ke6 57. h6 Kf7 58. g6+ Kf6 59. Kh5 Be3 60. g7 Kf7 61. Bh7 1-0

[Event "Amazons Pride Blitz"]
[Site "Chess.com INT"]
[Date "2021.10.23"]
[Round "5"]
[White "Bhakti, Kulkarni"]
[Black "Baraeva, Irina"]
[Result "1-0"]
[WhiteElo "2388"]
[BlackElo "2223"]
[PlyCount "117"]
[EventDate "2021.10.23"]
[EventType "swiss (blitz)"]
[EventRounds "9"]
[EventCountry "USA"]
[SourceTitle "CBM 204 Extra"]
[Source "ChessBase"]
[SourceDate "2021.11.30"]
[SourceVersion "1"]
[SourceVersionDate "2021.11.30"]
[SourceQuality "1"]

1. e4 e6 2. d4 d5 3. Nd2 c5 4. exd5 Qxd5 5. Ngf3 cxd4 6. Bc4 Qd6 7. 0-0 Nc6 8. Nb3 Nf6 9. Nbxd4 Nxd4 10. Nxd4 a6 11. Re1 Qc7 12. Bd3 Be7 13. c3 b5 14. a4 b4 15. cxb4 Bxb4 16. Bg5 Bxe1 17. Qxe1 Nd5 18. Rc1 Qd7 19. Nf5 0-0 20. Nd4 Bb7 21. Qe4 g6 22. Qh4 Rfc8 23. Re1 Rc5 24. h3 Rac8 25. Qh6 Qe8 26. Be4 Qf8 27. Qh4 Qg7 28. Bxd5 Bxd5 29. Bf6 Qf8 30. Kh2 Rc4 31. b3 Rb4 32. Qf4 Bxb3 33. Be5 f5 34. Qg5 Qf7 35. Rb1 Rxd4 36. Bxd4 Bd5 37. Be5 Re8 38. Rb6 Re7 39. Rxa6 Re8 40. Rb6 Ra8 41. h4 Kf8 42. Qh6+ Kg8 43. a5 Bb7 44. Qg5 Rxa5 45. Qd8+ Qf8 46. Qxf8+ Kxf8 47. Bd6+ Ke8 48. Rxb7 Rd5 49. Bb4 Rd3 50. Rxh7 Rd4 51. Bc3 Rc4 52. Be5 Re4 53. f4 Kf8 54. Kg3 Ra4 55. Bd6+ Kg8 56. Re7 Re4 57. Be5 Re3+ 58. Kf2 Ra3 59. Rxe6 1-0

[Event "Amazons Pride Blitz"]
[Site "Chess.com INT"]
[Date "2021.10.23"]
[Round "7"]
[White "Krush, Irina"]
[Black "Baraeva, Irina"]
[Result "1-0"]
[WhiteElo "2429"]
[BlackElo "2223"]
[PlyCount "99"]
[EventDate "2021.10.23"]
[EventType "swiss (blitz)"]
[EventRounds "9"]
[EventCountry "USA"]
[SourceTitle "CBM 204 Extra"]
[Source "ChessBase"]
[SourceDate "2021.11.30"]
[SourceVersion "1"]
[SourceVersionDate "2021.11.30"]
[SourceQuality "1"]

1. d4 d5 2. c4 c6 3. cxd5 cxd5 4. Bf4 Nc6 5. e3 Nf6 6. Nc3 a6 7. Bd3 Bg4 8. Qb3 Na5 9. Qa4+ b5 10. Qc2 Rc8 11. h3 Bh5 12. Nge2 e6 13. 0-0 Bd6 14. Bxd6 Qxd6 15. Nxb5 Qd7 16. Nd6+ Kd8 17. Nxc8 Qxc8 18. Qxc8+ Kxc8 19. Bxa6+ Kd7 20. Nf4 Bg6 21. Nxg6 hxg6 22. Rfc1 Rb8 23. b3 Ne4 24. Bd3 Nd6 25. Rc3 Rb7 26. Rac1 g5 27. f3 g6 28. Rc5 Ra7 29. Bb5+ Nxb5 30. Rxb5 Nc6 31. a4 Na5 32. Rcc5 Nb7 33. Rc3 Nd6 34. Rbc5 Rb7 35. Kf2 Ra7 36. Ke2 Rb7 37. Kd3 Ra7 38. Rc6 Rb7 39. Rxd6+ Kxd6 40. Kc2 f6 41. Rc8 e5 42. Kc3 exd4+ 43. exd4 Ke6 44. a5 Kf5 45. g3 Re7 46. a6 Re3+ 47. Kb4 Rxf3 48. a7 Rxg3 49. a8Q Rxh3 50. Qxd5+ 1-0

[Event "RUS-chT Rapid (Women)"]
[Site "Sochi"]
[Date "2021.10.16"]
[Round "9.2"]
[White "Tomilova, Elena"]
[Black "Baraeva, Irina"]
[Result "1/2-1/2"]
[WhiteElo "2256"]
[BlackElo "2223"]
[PlyCount "90"]
[EventDate "2021.10.15"]
[EventType "team-swiss (rapid)"]
[EventRounds "9"]
[EventCountry "RUS"]
[SourceTitle "CBM 204 Extra"]
[Source "ChessBase"]
[SourceDate "2021.11.30"]
[SourceVersion "1"]
[SourceVersionDate "2021.11.30"]
[SourceQuality "1"]
[WhiteTeam "Krym Kimmeriya (W)"]
[BlackTeam "Krasnodar Strimershi (W)"]
[WhiteTeamCountry "RUS"]
[BlackTeamCountry "RUS"]

1. d4 d5 2. Nf3 Nf6 3. c4 c6 4. g3 Bf5 5. Nc3 e6 6. Qb3 Qb6 7. c5 Qc7 8. Bg2 Nbd7 9. Bf4 Qc8 10. Nh4 Bg6 11. Nxg6 hxg6 12. 0-0 e5 13. dxe5 Nxc5 14. Qc2 Nfd7 15. Rac1 Qd8 16. g4 Be7 17. Bg3 Bh4 18. Qd2 Bxg3 19. hxg3 Nxe5 20. Qe3 Ncd7 21. f4 d4 22. Qxd4 Nxg4 23. Ne4 0-0 24. Rfd1 Ndf6 25. Nd6 Qc7 26. e4 Rfd8 27. e5 Ne8 28. Bh3 Nh6 29. Kg2 Nxd6 30. exd6 Qa5 31. a3 Nf5 32. Bxf5 Qxf5 33. d7 Qg4 34. Rc5 Qe2+ 35. Kg1 Rxd7 36. Qxd7 Qe3+ 37. Kg2 Qxc5 38. b4 Qc2+ 39. Rd2 Qe4+ 40. Kh2 Re8 41. Qxb7 Qf3 42. Qd7 Re2+ 43. Rxe2 Qxe2+ 44. Kg1 Qe1+ 45. Kg2 Qe2+ 1/2-1/2

[Event "RUS-chT Blitz (Women)"]
[Site "Sochi"]
[Date "2021.10.14"]
[Round "9.1"]
[White "Vasilevich, Tatjana"]
[Black "Baraeva, Irina"]
[Result "1/2-1/2"]
[WhiteElo "2326"]
[BlackElo "2223"]
[PlyCount "65"]
[EventDate "2021.10.14"]
[EventType "team-tourn (blitz)"]
[EventRounds "11"]
[EventCountry "RUS"]
[SourceTitle "CBM 204 Extra"]
[Source "ChessBase"]
[SourceDate "2021.11.30"]
[SourceVersion "1"]
[SourceVersionDate "2021.11.30"]
[SourceQuality "1"]
[WhiteTeam "Krym Kimmeriya (W)"]
[BlackTeam "Krasnodar Strimershi (W)"]
[WhiteTeamCountry "RUS"]
[BlackTeamCountry "RUS"]

1. d4 d5 2. c4 c6 3. Nf3 Nf6 4. e3 Bg4 5. Nbd2 e6 6. Bd3 Bd6 7. Qc2 0-0 8. 0-0 Nbd7 9. b3 Qe7 10. Bb2 e5 11. cxd5 cxd5 12. dxe5 Nxe5 13. Nxe5 Bxe5 14. Rac1 Rac8 15. Qb1 Bh5 16. Qa1 Bxb2 17. Qxb2 Qd6 18. h3 a6 19. Bf5 Rcd8 20. Qd4 Nd7 21. Bxd7 Rxd7 22. Qh4 Bg6 23. Nf3 Be4 24. Nd4 Qe5 25. Rc5 Rd6 26. Qf4 Qe7 27. Nf5 Bxf5 28. Qxf5 d4 29. exd4 Rxd4 30. Rfc1 g6 31. Qf3 Rfd8 32. Rc7 R8d7 33. Rxd7 1/2-1/2

[Event "Sochi Lobanov Memorial Rapid"]
[Site "Sochi"]
[Date "2021.06.25"]
[Round "9"]
[White "Baraeva, Irina"]
[Black "Vastrukhin, Oleg"]
[Result "0-1"]
[WhiteElo "2223"]
[BlackElo "2401"]
[PlyCount "102"]
[EventDate "2021.06.24"]
[EventType "swiss (rapid)"]
[EventRounds "9"]
[EventCountry "RUS"]
[SourceTitle "CBM 203 Extra"]
[Source "ChessBase"]
[SourceDate "2021.09.30"]
[SourceVersion "1"]
[SourceVersionDate "2021.09.30"]
[SourceQuality "1"]

1. d4 g6 2. c4 Bg7 3. Nc3 c5 4. Nf3 cxd4 5. Nxd4 Nc6 6. e3 Nf6 7. g3 d6 8. Bg2 Bd7 9. 0-0 Qc8 10. b3 Bh3 11. Bb2 h5 12. Nxc6 bxc6 13. Qf3 Bxg2 14. Qxg2 h4 15. Ne4 h3 16. Qf3 Nxe4 17. Bxg7 Ng5 18. Qe2 Rg8 19. Bb2 c5 20. Rad1 Qc6 21. f3 f6 22. Rd5 Nf7 23. Rfd1 a5 24. f4 a4 25. Qg4 axb3 26. axb3 Ra2 27. R1d2 Qd7 28. Qxd7+ Kxd7 29. g4 f5 30. g5 Rb8 31. R5d3 Ra6 32. Kf2 Rab6 33. Kg3 Rxb3 34. Bc3 Ra3 35. Kxh3 Rbb3 36. Rc2 Kc6 37. Kg3 e5 38. fxe5 dxe5 39. Rcd2 Rxc3 40. Rd7 Rxe3+ 41. Kg2 Rac3 42. Rxf7 Rxc4 43. Rf6+ Kb5 44. Rxg6 Rg4+ 45. Kf2 f4 46. Rg8 Rh3 47. Kf1 Kc4 48. g6 e4 49. g7 e3 50. Rc2+ Kd3 51. Rxc5 Rf3+ 0-1

[Event "Titled Tuesday intern op 09th Feb"]
[Site "Chess.com INT"]
[Date "2021.02.09"]
[Round "1"]
[White "Baraeva, Irina"]
[Black "Burg, Twan"]
[Result "0-1"]
[WhiteElo "2223"]
[BlackElo "2514"]
[PlyCount "45"]
[EventDate "2021.02.09"]
[EventType "swiss (blitz)"]
[EventRounds "11"]
[EventCountry "USA"]
[SourceTitle "EXT 2022"]
[Source "ChessBase"]
[SourceDate "2021.10.06"]
[SourceVersion "1"]
[SourceVersionDate "2021.10.06"]
[SourceQuality "1"]

1. d4 Nf6 2. c4 e6 3. Nf3 d5 4. Nc3 Be7 5. Bf4 0-0 6. e3 Nbd7 7. Bd3 dxc4 8. Bxc4 a6 9. 0-0 b5 10. Bd3 c5 11. Rc1 Bb7 12. Qe2 Qb6 13. Rfd1 cxd4 14. Nxd4 e5 15. Nf5 Rfe8 16. Bg5 Bf8 17. Bb1 g6 18. Nh6+ Bxh6 19. Bxh6 Nc5 20. Bg5 Nh5 21. Nd5 Bxd5 22. Rd4 exd4 23. Qg4 0-1

[Event "Titled Tuesday intern op 09th Feb"]
[Site "Chess.com INT"]
[Date "2021.02.09"]
[Round "5"]
[White "Baraeva, Irina"]
[Black "Reprintsev, Alexander"]
[Result "0-1"]
[WhiteElo "2223"]
[BlackElo "2353"]
[PlyCount "110"]
[EventDate "2021.02.09"]
[EventType "swiss (blitz)"]
[EventRounds "11"]
[EventCountry "USA"]
[SourceTitle "EXT 2022"]
[Source "ChessBase"]
[SourceDate "2021.10.06"]
[SourceVersion "1"]
[SourceVersionDate "2021.10.06"]
[SourceQuality "1"]

1. d4 d5 2. Nf3 Nc6 3. c4 e5 4. cxd5 Qxd5 5. Nc3 Bb4 6. Bd2 Bxc3 7. Bxc3 e4 8. Ne5 Nxe5 9. dxe5 Ne7 10. e3 a5 11. Be2 Be6 12. Qa4+ Qd7 13. Qc2 Qc6 14. a4 Bc4 15. 0-0 Bxe2 16. Qxe2 0-0 17. Rac1 Qe6 18. Bd4 Rfc8 19. Rc4 b6 20. b3 c5 21. Bb2 Rd8 22. Qc2 Rd3 23. Rxe4 Qxb3 24. Qc1 Rad8 25. e6 f6 26. g3 Rd1 27. Qc3 Rxf1+ 28. Kxf1 Qxc3 29. Bxc3 Rd3 30. Bb2 Rb3 31. Bc1 Rb1 32. Rc4 Kf8 33. Ke2 Nc6 34. Kd2 Ke7 35. Kc2 Ra1 36. Bb2 Rf1 37. f4 Kxe6 38. Re4+ Kd7 39. f5 Rf2+ 40. Kb3 Rxh2 41. Rg4 Re2 42. Rxg7+ Kd6 43. Bxf6 Rxe3+ 44. Kb2 Nd4 45. Bxd4 cxd4 46. Rxh7 Rxg3 47. f6 Rf3 48. f7 Kc5 49. Rh5+ Kc4 50. Rh6 Rxf7 51. Rxb6 Rf2+ 52. Kc1 Ra2 53. Rc6+ Kd3 54. Rc5 Ra1+ 55. Kb2 Rxa4 0-1

[Event "RUS-ch blitz (Women)"]
[Site "Sochi"]
[Date "2018.10.07"]
[Round "3.12"]
[White "Baraeva, Irina"]
[Black "Protopopova, Anastasiya"]
[Result "0-1"]
[WhiteElo "2221"]
[BlackElo "2308"]
[PlyCount "80"]
[EventDate "2018.10.07"]
[EventType "swiss (blitz)"]
[EventRounds "20"]
[EventCountry "RUS"]
[SourceTitle "CBM 186 Extra"]
[Source "ChessBase"]
[SourceDate "2018.08.24"]
[SourceVersion "1"]
[SourceVersionDate "2018.08.24"]
[SourceQuality "1"]

1. d4 d5 2. Nf3 Nf6 3. c4 c6 4. Nc3 a6 5. cxd5 cxd5 6. Bf4 Nc6 7. e3 Bf5 8. Be2 e6 9. 0-0 Bd6 10. Bg3 0-0 11. Rc1 Rc8 12. Na4 Ne4 13. Bxd6 Qxd6 14. Nc5 Na5 15. a3 b5 16. b4 Nc4 17. Bxc4 dxc4 18. Nh4 Nf6 19. Qe2 Bg4 20. f3 Bh5 21. g4 Bg6 22. Rfd1 Nd5 23. Ng2 h5 24. g5 a5 25. Qd2 axb4 26. axb4 Ra8 27. Ra1 c3 28. Qe2 Nxb4 29. Qxb5 Rxa1 30. Rxa1 Nd5 31. e4 Nf4 32. Ra6 Qxd4+ 33. Kf1 Qd1+ 34. Ne1 c2 35. Nb3 Qd6 36. Nxc2 Qd1+ 37. Ne1 Nh3 38. Qe2 Qxb3 39. Ra7 Qb6 40. Ra2 Qg1# 0-1

[Event "RUS-ch rapid (Women)"]
[Site "Sochi"]
[Date "2018.10.06"]
[Round "8.9"]
[White "Baraeva, Irina"]
[Black "Gritsayeva, Oksana"]
[Result "1-0"]
[WhiteElo "2221"]
[BlackElo "2378"]
[PlyCount "128"]
[EventDate "2018.10.05"]
[EventType "swiss (rapid)"]
[EventRounds "11"]
[EventCountry "RUS"]
[SourceTitle "CBM 186 Extra"]
[Source "ChessBase"]
[SourceDate "2018.08.24"]
[SourceVersion "1"]
[SourceVersionDate "2018.08.24"]
[SourceQuality "1"]

1. d4 Nf6 2. c4 Nc6 3. Nc3 e5 4. d5 Ne7 5. e4 Ng6 6. g3 Bc5 7. Bg2 d6 8. Nge2 a5 9. 0-0 h5 10. Bg5 h4 11. Qd2 hxg3 12. hxg3 Bg4 13. Be3 Qd7 14. f3 Bh3 15. Rf2 Bxg2 16. Rxg2 Qh3 17. Kf2 Nd7 18. Nb5 Rc8 19. Bxc5 Nxc5 20. Ng1 Qh1 21. Rd1 Rh2 22. Kf1 Rxg2 23. Qxg2 Qxg2+ 24. Kxg2 Kd7 25. Ne2 Rh8 26. b3 Ne7 27. Nc1 f5 28. Nd3 Nxd3 29. Rxd3 fxe4 30. fxe4 Ng8 31. Nc3 Nf6 32. Rf3 Ke7 33. Re3 c6 34. Re2 Kd7 35. Kg1 Ng4 36. Kg2 Kc7 37. Kf3 Nf6 38. Kg2 Kb6 39. Na4+ Kc7 40. Nc3 Rh6 41. Rf2 Rg6 42. Kh3 Kd7 43. Rf3 Ke7 44. Kg2 Rh6 45. Rf2 Ng4 46. Re2 Rh2+ 47. Kf3 Rxe2 48. Nxe2 Nf6 49. Nc3 Nd7 50. Kg4 Kf6 51. a3 Nc5 52. b4 axb4 53. axb4 Nd7 54. dxc6 bxc6 55. b5 cxb5 56. cxb5 Nb6 57. Kh5 Kf7 58. Kg5 Nc4 59. Kg4 Nb6 60. Kf5 Nc4 61. Nd5 Ke8 62. b6 Na5 63. Kg6 Kf8 64. Nc7 Ke7 1-0

[Event "Belorechensk Sarkisov Memorial"]
[Site "Belorechensk"]
[Date "2018.02.12"]
[Round "6"]
[White "Baraeva, Irina"]
[Black "Sitnikov, Anton"]
[Result "1/2-1/2"]
[WhiteElo "2188"]
[BlackElo "2457"]
[PlyCount "46"]
[EventDate "2018.02.09"]
[EventType "tourn"]
[EventRounds "9"]
[EventCountry "RUS"]
[EventCategory "3"]
[SourceTitle "CBM 182 Extra"]
[Source "ChessBase"]
[SourceDate "2018.02.23"]
[SourceVersion "1"]
[SourceVersionDate "2018.02.23"]
[SourceQuality "1"]

1. d4 d5 2. Nf3 c6 3. e3 Nf6 4. c4 a6 5. Nc3 b5 6. b3 Bg4 7. Bb2 Nbd7 8. h3 Bxf3 9. Qxf3 e6 10. Bd3 Qa5 11. 0-0 Ba3 12. Bxa3 Qxa3 13. Rfc1 0-0 14. e4 e5 15. cxd5 exd4 16. Ne2 cxd5 17. exd5 Ne5 18. Qg3 Nxd3 19. Qxd3 Rad8 20. Qxd4 Rxd5 21. Qf4 Rfd8 22. Rc2 h6 23. Rac1 Qd6 1/2-1/2